00317 2200133 4500001002100000005001500021035002000036245003100056100001200087260004000099082000800139084001400147990002200161INLIS00000000000244720250604103006 a0010-06250000331 aSeorang Pendaki /cNugroho0 aNugroho aBandung :bSarana Cipta Ilmu,c1994 a800 a800 NUG s a953716 s/d 953725